Normal view MARC view

Entry Topical Term

Number of records used in: 1

001 - CONTROL NUMBER

  • control field: 157412

003 - CONTROL NUMBER IDENTIFIER

  • control field: OSt

005 - DATE AND TIME OF LATEST TRANSACTION

  • control field: 20220923211033.0

008 - FIXED-LENGTH DATA ELEMENTS

  • fixed length control field: 220923|| aca||aabn | a|a d

040 ## - CATALOGING SOURCE

  • Original cataloging agency: OSt
  • Transcribing agency: OSt

150 ## - HEADING--TOPICAL TERM

  • Topical term or geographic name entry element: ਲੋਕ ਗੀਤ

670 ## - SOURCE DATA FOUND

  • Source citation: Work cat.: (OSt)294305: ਬਿਰਦੀ, ਮਹਿੰਦਰ ਸਿੰਘ 157411, ਪੰਜਾਬੀ ਦੇ ਲੋਕ ਗੀਤਾਂ ਵਿੱਚ ਪੰਜਾਬੀ ਸਭਿਆਚਾਰ ਦਾ ਚਿਤ੍ਰਣ, 2009
Copyright @ Delhi University Library System